| 000 | 00757nam a2200229Ia 4500 | ||
|---|---|---|---|
| 003 | OSt | ||
| 005 | 20220923220916.0 | ||
| 006 | a|||||r|||| 00| 0 | ||
| 007 | ta | ||
| 008 | 220922b |||||||| |||| 00| 0 hin d | ||
| 024 | _a192,083 | ||
| 037 | _cTextual | ||
| 040 |
_aARTS _cARTS _bhin |
||
| 041 |
_2hin _ahin |
||
| 082 | _aSM62, 152K7.1-.2 | ||
| 100 |
_aहर्लोक, एलिजाबेथ बी0 _9164790 |
||
| 245 | 0 | _aविकास मनोविज्ञान, अनु गोवर्धन भट्ट | |
| 246 | _aVikās hinovijnyāna, anu0 govardhan bhaṭṭa | ||
| 260 | _c1967 | ||
| 942 |
_hSM62, 152K7.1-.2 _cTEXL _2CC |
||
| 999 |
_c344727 _d344727 |
||